[Event "ROM-ch U08 Girls"]
[Site "Calimanesti"]
[Date "2013.04.05"]
[Round "5"]
[White "Ercsei, Iolanda Elisabeta"]
[Black "Mustata, Ioana Ruxandra"]
[Result "1-0"]
[WhiteElo "1024"]
[BlackElo "1069"]
[PlyCount "107"]
[EventDate "2013.04.02"]
[EventType "swiss"]
[EventRounds "9"]
[EventCountry "ROU"]
[SourceTitle "CBM 153 Extra"]
[Source "ChessBase"]
[SourceDate "2013.04.22"]
[SourceVersion "1"]
[SourceVersionDate "2013.04.22"]
[SourceQuality "1"]

1. e4 d5 2. exd5 Nf6 3. g3 c6 4. Bg2 cxd5 5. Nf3 Nc6 6. d4 Bf5 7. 0-0 e6 8. Nc3 Bb4 9. Bf4 0-0 10. Ne5 Nxe5 11. dxe5 Ng4 12. h3 Nf6 13. exf6 Qxf6 14. Qh5 Qg6 15. Qxg6 fxg6 16. g4 Bxc2 17. Rac1 Bd3 18. Rfd1 Bc5 19. Rxd3 Rxf4 20. Rf3 Rxf3 21. Bxf3 Rf8 22. Bg2 Rxf2 23. Ne2 Rxe2+ 24. Rxc5 Rxb2 25. Ra5 d4 26. Be4 Rd2 27. Rxa7 d3 28. Rxb7 Rd1+ 29. Kf2 d2 30. Bc2 Rc1 31. Bb3 d1Q 32. Bxd1 Rxd1 33. a4 Ra1 34. Ra7 Kf8 35. a5 Ke8 36. a6 Kd8 37. Rxg7 Rxa6 38. Rxh7 Ke8 39. Kg3 g5 40. h4 Ra3+ 41. Kf2 Ra5 42. h5 Kf8 43. h6 Kg8 44. Rg7+ Kh8 45. Rg6 Ra2+ 46. Ke3 Ra6 47. Rxg5 Kh7 48. Rh5 Ra4 49. g5 Rg4 50. Kf3 Ra4 51. g6+ Kxg6 52. h7 Kxh5 53. h8Q+ Kg6 54. Qe8+ 1-0